MARC details
| 000 -LEADER |
| campo de control de longitud fija |
02438nas a2200541 i 4500 |
| 001 - NÚMERO DE CONTROL |
| campo de control |
196576 |
| 003 - IDENTIFICADOR DE NÚMERO DE CONTROL |
| campo de control |
ES-MaACL |
| 005 - FECHA Y HORA DE LA ÚLTIMA TRANSACCIÓN |
| campo de control |
20260129130056.0 |
| 007 - CAMPO FIJO DE DESCRIPCIÓN FÍSICA--INFORMACIÓN GENERAL |
| campo de control de longitud fija |
ta |
| 008 - DATOS DE LONGITUD FIJA--INFORMACIÓN GENERAL |
| campo de control de longitud fija |
241007c19929999sp ar p z0uuub0spa |
| 016 7# - NÚMERO DE CONTROL DE UNA AGENCIA BIBLIOGRÁFICA NACIONAL |
| Número de control del registro |
biseBNE19930002585 |
| Fuente |
SpMaBN |
| 017 ## - NÚMERO DE COPYRIGHT O DE DEPÓSITO LEGAL |
| Número de copyright o de depósito legal |
M 34032-1992 |
| Agencia que asigna |
Oficina Depósito Legal Madrid |
| 022 0# - NÚMERO INTERNACIONAL NORMALIZADO PARA PUBLICACIONES SERIADAS |
| Número Internacional Normalizado para Publicaciones Seriadas |
1133-3634 |
| Fuente |
_u |
| 035 ## - NÚMERO DE CONTROL DEL SISTEMA |
| Número de control de sistema |
(OCoLC)436465245 |
| 035 ## - NÚMERO DE CONTROL DEL SISTEMA |
| Número de control de sistema |
991028229499708606 |
| 035 ## - NÚMERO DE CONTROL DEL SISTEMA |
| Número de control de sistema |
(SpMaBN)bise0000000146 |
| 037 ## - FUENTE DE ADQUISICIÓN |
| Fuente del número de adquisición |
Senda del Rey, s/n, 28040; fax 3986674 |
| 040 ## - FUENTE DE CATALOGACIÓN |
| Centro catalogador/agencia de origen |
SpMaBN |
| Lengua de catalogación |
spa |
| Centro/agencia transcriptor |
SpMaBN |
| Normas de descripción |
rdc |
| Centro/agencia modificador |
ES-MaACL |
| 080 ## - NÚMERO DE LA CLASIFICACIÓN DECIMAL UNIVERSAL |
| Número de la Clasificación Decimal Universal |
81'22 |
| 080 ## - NÚMERO DE LA CLASIFICACIÓN DECIMAL UNIVERSAL |
| Número de la Clasificación Decimal Universal |
82.07 |
| 130 0# - ENTRADA PRINCIPAL--TÍTULO UNIFORME |
| Título uniforme |
Signa (Madrid) |
| 9 (RLIN) |
239076 |
| 210 0# - TÍTULO ABREVIADO |
| Título abreviado |
Signa |
| Información calificativa |
Madr. |
| 222 #0 - TÍTULO CLAVE |
| Título clave |
Signa |
| Información calificativa |
Madrid |
| 245 10 - MENCIÓN DEL TÍTULO |
| Título |
Signa : |
| Resto del título |
revista de la Asociación Española de Semiótica |
| 260 ## - PUBLICACIÓN, DISTRIBUCIÓN, ETC. |
| Lugar de publicación, distribución, etc. |
Madrid : |
| Nombre del editor, distribuidor, etc. |
Centro de Investigación de Semiótica Literaria, Teatral y Nuevas Tecnologías ; |
| -- |
Departamentos de Literatura Española y Teoría de la Literatura y Filología Francesa, |
| Fecha de publicación, distribución, etc. |
D.L. 1992- |
| 300 ## - DESCRIPCIÓN FÍSICA |
| Extensión |
v. ; |
| Dimensiones |
24 cm |
| 310 ## - PERIODICIDAD ACTUAL |
| Periodicidad actual |
Anual |
| 336 ## - TIPO DE CONTENIDO |
| Fuente |
rdacontent |
| Término de tipo de contenido |
texto |
| 337 ## - TIPO DE MEDIO |
| Fuente |
rdamedia |
| Nombre/término del tipo de medio |
sin mediación |
| 338 ## - TIPO DE SOPORTE |
| Fuente |
rdacarrier |
| Nombre/término del tipo de soporte |
volumen |
| 362 0# - FECHAS DE PUBLICACIÓN Y/O DESIGNACIÓN SECUENCIAL |
| Fecha de publicación y/o designación secuencial |
1 (1992)- |
| 650 #7 - PUNTO DE ACCESO ADICIONAL DE MATERIA--TÉRMINO DE MATERIA |
| Término de materia o nombre geográfico como elemento de entrada |
Semiótica y literatura |
| Fuente del encabezamiento o término |
embne |
| 9 (RLIN) |
17043 |
| 650 #4 - PUNTO DE ACCESO ADICIONAL DE MATERIA--TÉRMINO DE MATERIA |
| Término de materia o nombre geográfico como elemento de entrada |
Semiótica |
| Fuente del encabezamiento o término |
embne |
| 9 (RLIN) |
17041 |
| 655 #7 - TERMINO DE INDIZACIÓN--GENERO/FORMA |
| 9 (RLIN) |
226866 |
| Datos o término principal de género/forma |
Revistas |
| 710 2# - ENTRADA AGREGADA--NOMBRE DE ENTIDAD CORPORATIVA |
| Nombre de entidad corporativa o nombre de jurisdicción como elemento de entrada |
Asociación Española de Semiótica. |
| Número de control del registro de autoridad o número normalizado |
(isni)0000000098239036 |
| 9 (RLIN) |
239077 |
| 710 2# - ENTRADA AGREGADA--NOMBRE DE ENTIDAD CORPORATIVA |
| Nombre de entidad corporativa o nombre de jurisdicción como elemento de entrada |
Universidad Nacional de Educación a Distancia (España). |
| Unidad subordinada |
Centro de Investigación de Semiótica Literaria, Teatral y Nuevas Tecnologías |
| 9 (RLIN) |
239078 |
| 710 2# - ENTRADA AGREGADA--NOMBRE DE ENTIDAD CORPORATIVA |
| Nombre de entidad corporativa o nombre de jurisdicción como elemento de entrada |
Universidad Nacional de Educación a Distancia (España). |
| Unidad subordinada |
Departamento de Literatura Española y Teoría de la Literatura |
| 9 (RLIN) |
239079 |
| 710 2# - ENTRADA AGREGADA--NOMBRE DE ENTIDAD CORPORATIVA |
| Nombre de entidad corporativa o nombre de jurisdicción como elemento de entrada |
Universidad Nacional de Educación a Distancia (España). |
| Unidad subordinada |
Departamento de Filología Francesa |
| 9 (RLIN) |
239080 |
| 776 08 - ENTRADA DE FORMULARIO FÍSICO ADICIONAL |
| Información de relación |
Versión en línea |
| Título |
Signa (Madrid. Internet) = |
| Número Internacional Normalizado para Publicaciones Seriadas |
ISSN 2254-9307 |
| biblionumber |
196578 |
| Número de control del registro |
196578 |
| 776 08 - ENTRADA DE FORMULARIO FÍSICO ADICIONAL |
| Información de relación |
Versión en CD-ROM |
| Título |
Signa (Madrid. CD-ROM) = |
| Número Internacional Normalizado para Publicaciones Seriadas |
ISSN 2951-8687 |
| biblionumber |
196577 |
| Número de control del registro |
196577 |
| 852 ## - LOCALIZACIÓN |
| Ubicación |
ES-MaACL |
| Ubicación en estantería |
Hemeroteca |
| Número de control de estantería |
HEM-H-509 |
| Donativo/Legado
|
Donación: Editorial |
| Nota libre |
Revista viva |
| -- |
Casillero actual: Cº 48 |
| itemnumber |
204296 |
| 856 41 - LOCALIZACIÓN Y ACCESO ELECTRÓNICOS |
| Identificador Uniforme de Recursos |
<a href="http://www.cervantesvirtual.com/FichaObra.html?Ref=5338">http://www.cervantesvirtual.com/FichaObra.html?Ref=5338</a> |
| Texto de enlace |
Versión en línea |
| 856 41 - LOCALIZACIÓN Y ACCESO ELECTRÓNICOS |
| Identificador Uniforme de Recursos |
<a href="http://dialnet.unirioja.es/servlet/revista?codigo=1349">http://dialnet.unirioja.es/servlet/revista?codigo=1349</a> |
| Texto de enlace |
Sumarios de la revista en Dialnet |
| 866 ## - MENCIÓN TEXTUAL DE FONDOS--UNIDAD BIBLIOGRÁFICA BÁSICA |
| Fondos |
2012-2026- |
| 942 ## - ELEMENTOS DE ENTRADA SECUNDARIOS (KOHA) |
| Fuente del sistema de clasificación o colocación |
Clasificación decimal universal |
| Suprimir en OPAC |
No |
| Tipo de ítem Koha |
Revista |
| 955 ## - CATALOGADOR - EDICIÓN |
| Nombre de catalogador |
Carlos Sánchez |